00640 2200217 4500001002100000005001700021008004100038035002600079245001600105100001600121250000600137260006700143300005100210020002200261082000600283084001300289520002800302650005600330990001800386990001800404INLIS00000000000371920191230024838.0191230| ||| | ind  a 0010-12190000000371900cEdward Erik0 aEdward Erik a1 aRiugha Edu Pustaka : BekasibRiugha Edu Pustaka : Bekasic2016 a224 hlm.;14,8 x 21 cm ;c224 hlm.;14,8 x 21 cm a978-602-74189-0-50 a0 a& 004.03 aHIBAH PERPUSNAS RI 2018 0aKamus Populer Istilah Komputer & Informatika 004.03 aB201901049069 aB201901049065